Strategické inovácie

Stratégia nízkych nákladov. Spôsob realizovania inovácií. Vytvorenie inovačného tímu. Vývoj nových produktov. Inovácia výrobku, myslenia a biznisu. Spojenie produktivity a experimentovania. Manažment znalostí, inovácie a konkurenčná schopnosť.

Gespeichert in:
Bibliographische Detailangaben
1. Verfasser: Košturiak, Ján
Format: Buchkapitel
Sprache:Slowakisch
Schlagworte:
Tags: Tag hinzufügen
Keine Tags, Fügen Sie das erste Tag hinzu!

MARC

LEADER 00000naa$a2200000$$$4500
001 0056486
005 20230929122151.6
041 0 |a slo 
044 |a SK 
245 1 0 |a Strategické inovácie  |c Ján Košturiak 
520 |a Stratégia nízkych nákladov. Spôsob realizovania inovácií. Vytvorenie inovačného tímu. Vývoj nových produktov. Inovácia výrobku, myslenia a biznisu. Spojenie produktivity a experimentovania. Manažment znalostí, inovácie a konkurenčná schopnosť. 
610 2 0 |a vývoj výrobku 
610 2 0 |a náklady 
610 2 0 |a inovácia 
610 2 0 |a konkurencieschopnosť 
610 2 0 |a riadenie znalostí 
100 1 |a Košturiak, Ján